000 01124cam a2200337 i 4500
001 44292
003 Mx-PuUPA
005 20230204100900.0
008 140415s1977 sp a gr 000 0 spa d
017 _aB. 22504 -1977
020 _a8432002860
040 _aMx-PuUPA
_bspa
_cMx-PuUPA
_dMx-PuUPA
_erda
041 0 _aspa
100 1 _aVilar, Sergio
_eautor
245 1 0 _aCarta abierta a la oposición /
_cSergio Vilar
250 _aPrimera edición /
_bmayo
264 1 _aBarcelona, España :
_bEditorial Planeta,
_c1977
300 _a271 páginas :
_bilustraciones ;
_c19 cm
336 _2rdacontent
_atexto
_btxt
337 _2rdamedia
_asin medio
_bn
338 _2rdacarrier
_avolumen
_bnc
490 0 _aColección Textos ;
_v28
650 7 _2armarc
_aCiencias políticas
_zEspaña
_xHistoria
650 7 _2armarc
_aOposición (Ciencias políticas)
_zEspaña
651 4 _aEspaña
_xPolítica y gobierno, 1975
942 _2ddc
_cLI
_h320.946
_iV695
999 _c44292
_d44292